Statistics for Highest Career MLB Batting Averages

Click here to take the quiz!

General Stats

  • This quiz has been taken 27 times
  • The average score is 13 of 40

Answer Stats

AverageAnswer% Correct
.342Babe Ruth
96%
.344Ted Williams
92%
.340Lou Gehrig
88%
.366Ty Cobb
88%
.325Joe DiMaggio
80%
.329Honus Wagner
76%
.338Tony Gwynn
72%
.331Stan Musial
68%
.356Joe Jackson
64%
.328Wade Boggs
60%
.325Jimmie Foxx
52%
.338Nap Lajoie
52%
.328Rod Carew
52%
.358Rogers Hornsby
52%
.329Cap Anson
48%
.345Tris Speaker
48%
.333Eddie Collins
40%
.333Paul Waner
20%
.322Sam Rice
20%
.334Al Simmons
16%
.340George Sisler
16%
.341Willie Keeler
16%
.341Bill Terry
12%
.342Harry Heilmann
12%
.342Dan Brouthers
8%
.326Earle Combs
8%
.346Ed Delahanty
8%
.323Edd Roush
8%
.324Joe Medwick
8%
.331Heinie Manush
4%
.325Hugh Duffy
4%
.338Jesse Burkett
4%
.334John McGraw
4%
.331Sam Thompson
4%
.324Babe Herman
0%
.344Billy Hamilton
0%
.333Mike Donlin
0%
.341Pete Browning
0%
.336Riggs Stephenson
0%
.326Tip O'Neill
0%

Score Distribution

Percentile by Number Answered

Percent of People with Each Score

Your Score History

You have not taken this quiz